000
00244 a2200109 4500
001
51170
040
_c
Anchieta - Pituba
240
1
0
_a
32ª Gincana CD 2
_l
245
1
0
_a
32ª Gincana CD 2
650
4
_a
Línguas espanhola e portuguesa
942
_c
MX
999
_c
51170
_d
51170